| 000 | 00685cab a22001935a 4500 | ||
|---|---|---|---|
| 001 | L145405 | ||
| 008 | 080903s2008 xxk 000 0 eng d | ||
| 035 | _a(Sirsi) u145405 | ||
| 041 | 0 | _aeng | |
| 100 | 1 | _aRedfern, Bernadette | |
| 245 | 0 | 0 | _aMiddle East Report |
| 490 |
_aNew Civil Engineer _v 4 September 2008, 27-34(8) |
||
| 520 | _aReports on how the Middle East achieving its sustainability targets, a review of what it is like to live and work in the Middle East as an consultant engineer, and a report on Bahrain's Northshore development, in the capital Manama. | ||
| 590 | _aKA NTK | ||
| 650 | 2 | 4 | _aMIDDLE EAST |
| 650 | 2 | 4 | _aBAHRAIN |
| 651 | 4 | _aMiddle East | |
| 942 | _n0 | ||
| 999 |
_c80796 _d80796 |
||